[Event "FRA-ch Open A-D 2018"]
[Site "Nimes"]
[Date "2018.08.21"]
[Round "4"]
[White "Rasolo, Loick"]
[Black "Cregut, Marian"]
[Result "1/2-1/2"]
[WhiteElo "1723"]
[BlackElo "1638"]
[Annotator "NA RC"]
[PlyCount "58"]
[EventDate "2018.08.18"]
[EventType "tourn"]
[EventCountry "FRA"]
[SourceTitle "playchess.com"]
[Source "ChessBase"]
[SourceQuality "1"]
[TimeControl "40/5400+30:1800+30"]

1. e4 {[%emt 0:00:00]} c5 {[%emt 0:00:00]} 2. Nf3 {[%emt 0:00:00]} e6 {[%emt 0:00:00]} 3. c3 {[%emt 0:00:11]} d5 {[%emt 0:03:56]} 4. exd5 {[%emt 0:00:05]} exd5 {[%emt 0:00:21]} 5. d4 Nc6 {[%emt 0:01:03]} 6. Be2 {[%emt 0:01:32]} Nf6 {[%emt 0:01:26]} 7. O-O {[%emt 0:00:16]} Bd6 {[%emt 0:00:24]} 8. Bg5 {[%emt 0:01:38]} Be6 {[%emt 0:02:06]} 9. Nbd2 {[%emt 0:05:05]} O-O {[%emt 0:02:04]} 10. dxc5 {[%emt 0:04:02]} Bxc5 {[%emt 0:00:25]} 11. Nb3 {[%emt 0:00:20]} Be7 {[%emt 0:02:29]} 12. Nfd4 {[%emt 0:13:10]} Qd7 {[%emt 0:06:59]} 13. Re1 {[%emt 0:02:46]} Rad8 {[%emt 0:09:27]} 14. Bxf6 {[%emt 0:02:00]} Bxf6 {[%emt 0:01:15]} 15. Nc5 {[%emt 0:01:12]} Qe7 {[%emt 0:01:47]} 16. Ncxe6 {[%emt 0:00:10]} fxe6 {[%emt 0:00:36]} 17. Bg4 {[%emt 0:01:28]} Nxd4 {[%emt 0:02:44]} 18. cxd4 {[%emt 0:00:34]} Rd6 {[%emt 0:00:54]} 19. Rc1 {[%emt 0:06:42]} Qf7 {[%emt 0:03:20]} 20. Rc3 {[%emt 0:04:59]} Re8 {[%emt 0:04:53]} 21. Rce3 {[%emt 0:03:57]} g6 22. Bh3 {[%emt 0:08:57]} Rc6 {[%emt 0:16:07]} 23. g3 {[%emt 0:03:21]} Kg7 {[%emt 0:08:36]} 24. Rc3 Qc7 25. Rxe6 {[%emt 0:34:10]} Rexe6 {[%emt 0:01:35]} 26. Bxe6 {[%emt 0:00:05]} Rxc3 {[%emt 0:00:25]} 27. bxc3 {[%emt 0:02:15]} Qxc3 {[%emt 0:01:52]} 28. Bxd5 {[%emt 0:01:36]} b6 {[%emt 0:01:53]} 29. Bb3 Qxd4 1/2-1/2

[Event "FRA-ch Open A-D 2018"]
[Site "Nimes"]
[Date "2018.08.21"]
[Round "4"]
[White "Silvera, Ruben"]
[Black "Auffray-Bonnet, Gaspard"]
[Result "1-0"]
[WhiteElo "1688"]
[BlackElo "1736"]
[Annotator "NA RC"]
[PlyCount "105"]
[EventDate "2018.08.18"]
[EventType "tourn"]
[EventCountry "FRA"]
[SourceTitle "playchess.com"]
[Source "ChessBase"]
[SourceQuality "1"]
[TimeControl "40/5400+30:1800+30"]

1. d4 {[%emt 0:00:00]} d5 {[%emt 0:00:00]} 2. c4 {[%emt 0:00:00]} c6 {[%emt 0:00:00]} 3. Nf3 {[%emt 0:00:00]} Nf6 {[%emt 0:00:00]} 4. Nc3 {[%emt 0:00:00]} Bf5 {[%emt 0:00:22]} 5. cxd5 {[%emt 0:00:12]} cxd5 {[%emt 0:00:21]} 6. Qb3 {[%emt 0:00:11]} Qb6 {[%emt 0:01:21]} 7. Nxd5 {[%emt 0:00:18]} Qxb3 {[%emt 0:00:23]} 8. Nxf6+ {[%emt 0:00:18]} exf6 {[%emt 0:00:06]} 9. axb3 {[%emt 0:00:05]} Bc2 {[%emt 0:00:46]} 10. d5 {[%emt 0:16:54]} Bxb3 {[%emt 0:02:56]} 11. e4 {[%emt 0:02:34]} Bc2 {[%emt 0:17:41]} 12. Bb5+ {[%emt 0:00:05]} Kd8 {[%emt 0:04:28]} 13. Nd2 {[%emt 0:00:31]} Bb4 {[%emt 0:03:17]} 14. f3 {[%emt 0:00:11]} f5 {[%emt 0:04:11]} 15. O-O {[%emt 0:02:29]} Nd7 {[%emt 0:04:46]} 16. b3 {[%emt 0:04:17]} Nc5 {[%emt 0:10:08]} 17. Ba3 {[%emt 0:08:14]} Bxa3 {[%emt 0:03:09]} 18. Rxa3 {[%emt 0:00:10]} Bd3 {[%emt 0:04:51]} 19. Bxd3 {[%emt 0:00:12]} Nxd3 {[%emt 0:00:01]} 20. Nc4 {[%emt 0:00:25]} Ke7 {[%emt 0:01:57]} 21. b4 {[%emt 0:13:43]} Rhc8 {[%emt 0:07:44]} 22. Na5 {[%emt 0:09:39]} Nxb4 {[%emt 0:02:51]} 23. Rb1 {[%emt 0:03:56]} Nc2 {[%emt 0:02:46]} 24. Rxb7+ Kf6 {[%emt 0:00:43]} 25. Rd3 {[%emt 0:01:32]} Rc5 {[%emt 0:03:11]} 26. Nb3 {[%emt 0:07:17]} Rc4 {[%emt 0:01:43]} 27. d6 {[%emt 0:00:37]} Nb4 {[%emt 0:05:16]} 28. Rd1 {[%emt 0:04:09]} Nc6 {[%emt 0:04:23]} 29. Rc7 {[%emt 0:04:10]} Rb8 {[%emt 0:03:34]} 30. d7 Rd8 {[%emt 0:00:54]} 31. Rd6+ {[%emt 0:03:23]} Ke7 {[%emt 0:00:13]} 32. Rdxc6 {[%emt 0:01:14]} Rxc6 {[%emt 0:00:31]} 33. Rxc6 {[%emt 0:00:04]} Kxd7 {[%emt 0:01:07]} 34. Ra6 {[%emt 0:00:48]} fxe4 {[%emt 0:00:51]} 35. Rxa7+ {[%emt 0:00:42]} Ke8 {[%emt 0:01:03]} 36. fxe4 {[%emt 0:00:17]} Rd3 {[%emt 0:00:37]} 37. Rb7 {[%emt 0:03:51]} Re3 {[%emt 0:00:36]} 38. Nc5 {[%emt 0:01:07]} Re2 {[%emt 0:00:30]} 39. Kf1 {[%emt 0:01:32]} Rc2 {[%emt 0:00:11]} 40. Nd3 {[%emt 0:01:42]} Rd2 {[%emt 0:02:22]} 41. Ne5 {[%emt 0:30:52]} f6 {[%emt 0:31:02]} 42. Nf3 {[%emt 0:00:27]} Rd7 {[%emt 0:00:03]} 43. Rxd7 {[%emt 0:00:39]} Kxd7 {[%emt 0:00:00]} 44. Ke2 {[%emt 0:00:37]} Ke6 {[%emt 0:00:15]} 45. Ke3 {[%emt 0:00:44]} g6 {[%emt 0:00:24]} 46. Kf4 {[%emt 0:00:26]} h6 {[%emt 0:00:17]} 47. g4 {[%emt 0:01:53]} Ke7 {[%emt 0:00:30]} 48. e5 {[%emt 0:01:22]} fxe5+ {[%emt 0:00:15]} 49. Kxe5 {[%emt 0:00:22]} Kf7 {[%emt 0:00:08]} 50. Nh4 {[%emt 0:00:58]} g5 {[%emt 0:00:42]} 51. Nf5 {[%emt 0:00:12]} Kg6 {[%emt 0:00:05]} 52. Ng3 {[%emt 0:00:19]} Kg7 {[%emt 0:00:09]} 53. Ke4 1-0

[Event "FRA-ch Open A-D 2018"]
[Site "Nimes"]
[Date "2018.08.21"]
[Round "4"]
[White "Saugrain, Jean-Maxime"]
[Black "Alashtar, Aasef"]
[Result "0-1"]
[WhiteElo "1682"]
[BlackElo "1724"]
[Annotator "NA RC"]
[PlyCount "86"]
[EventDate "2018.08.18"]
[EventType "tourn"]
[EventCountry "FRA"]
[SourceTitle "playchess.com"]
[Source "ChessBase"]
[SourceQuality "1"]
[TimeControl "40/5400+30:1800+30"]

1. c4 {[%emt 0:00:00]} Nf6 {[%emt 0:01:44]} 2. Nc3 {[%emt 0:00:07]} c5 {[%emt 0:00:53]} 3. e3 {[%emt 0:00:36]} g6 {[%emt 0:04:50]} 4. Nf3 {[%emt 0:01:47]} Bg7 {[%emt 0:01:04]} 5. d4 {[%emt 0:00:55]} cxd4 {[%emt 0:01:16]} 6. exd4 {[%emt 0:00:23]} O-O {[%emt 0:00:48]} 7. Be2 {[%emt 0:00:39]} d5 {[%emt 0:04:45]} 8. cxd5 {[%emt 0:04:31]} Nxd5 {[%emt 0:01:00]} 9. O-O {[%emt 0:00:14]} Nc6 {[%emt 0:05:28]} 10. Be3 {[%emt 0:02:47]} Nxe3 {[%emt 0:06:06]} 11. fxe3 {[%emt 0:00:19]} Qb6 {[%emt 0:03:51]} 12. Na4 {[%emt 0:05:15]} Qa5 {[%emt 0:02:37]} 13. Re1 {[%emt 0:00:36]} Rd8 {[%emt 0:05:52]} 14. Rc1 {[%emt 0:00:43]} Rd6 {[%emt 0:06:28]} 15. Rc5 {[%emt 0:07:18]} Qd8 {[%emt 0:00:27]} 16. Qc1 {[%emt 0:01:09]} Bd7 {[%emt 0:13:16]} 17. b3 {[%emt 0:00:30]} b6 {[%emt 0:04:48]} 18. Rc2 {[%emt 0:02:00]} Bh6 {[%emt 0:05:34]} 19. Bf1 {[%emt 0:06:32]} Nxd4 {[%emt 0:03:27]} 20. Nxd4 {[%emt 0:00:11]} Rxd4 {[%emt 0:00:04]} 21. Nb2 {[%emt 0:02:25]} Bf5 {[%emt 0:03:27]} 22. Rc4 {[%emt 0:01:15]} Rxc4 {[%emt 0:02:25]} 23. Qxc4 {[%emt 0:00:55]} Rc8 {[%emt 0:00:49]} 24. Qh4 {[%emt 0:00:27]} Bg7 {[%emt 0:00:27]} 25. Nd1 {[%emt 0:00:49]} Bf6 {[%emt 0:01:16]} 26. Qg3 {[%emt 0:01:08]} Rc1 {[%emt 0:00:47]} 27. e4 {[%emt 0:02:17]} Qd4+ {[%emt 0:04:21]} 28. Ne3 {[%emt 0:00:32]} Rxe1 {[%emt 0:00:27]} 29. Qxe1 {[%emt 0:00:09]} Qxe4 {[%emt 0:01:08]} 30. Qd2 {[%emt 0:03:30]} Bd4 {[%emt 0:01:27]} 31. Kf2 {[%emt 0:00:11]} e5 {[%emt 0:01:38]} 32. h3 {[%emt 0:00:27]} h5 {[%emt 0:00:34]} 33. Bc4 {[%emt 0:01:39]} Qf4+ {[%emt 0:02:41]} 34. Ke2 {[%emt 0:00:16]} Be4 {[%emt 0:00:59]} 35. Bd3 {[%emt 0:03:07]} Bxd3+ {[%emt 0:00:42]} 36. Kxd3 {[%emt 0:00:47]} Qxe3+ {[%emt 0:00:13]} 37. Qxe3 {[%emt 0:00:08]} Bxe3 {[%emt 0:00:09]} 38. Kxe3 {[%emt 0:00:04]} f5 {[%emt 0:00:05]} 39. Kd3 {[%emt 0:01:16]} Kf7 {[%emt 0:00:21]} 40. g3 {[%emt 0:12:12]} g5 {[%emt 0:00:49]} 41. Ke3 {[%emt 0:32:00]} Ke6 {[%emt 0:30:19]} 42. Kf3 {[%emt 0:00:19]} e4+ {[%emt 0:00:32]} 43. Ke2 {[%emt 0:00:19]} Ke5 {[%emt 0:00:01]} 0-1

[Event "FRA-ch Open A-D 2018"]
[Site "Nimes"]
[Date "2018.08.21"]
[Round "4"]
[White "Chemier, Maxime"]
[Black "Lebret, Loriane"]
[Result "1/2-1/2"]
[WhiteElo "1626"]
[BlackElo "1696"]
[Annotator "NA RC"]
[PlyCount "83"]
[EventDate "2018.08.18"]
[EventType "tourn"]
[EventCountry "FRA"]
[SourceTitle "playchess.com"]
[Source "ChessBase"]
[SourceQuality "1"]
[TimeControl "40/5400+30:1800+30"]

1. e4 {[%emt 0:00:00]} g6 {[%emt 0:00:00]} 2. d4 {[%emt 0:00:27]} Nf6 {[%emt 0:00:00]} 3. Nc3 {[%emt 0:00:47]} d5 {[%emt 0:00:00]} 4. e5 {[%emt 0:01:30]} Ne4 {[%emt 0:00:00]} 5. Nxe4 {[%emt 0:00:24]} dxe4 {[%emt 0:00:00]} 6. Bc4 {[%emt 0:01:36]} c5 {[%emt 0:02:53]} 7. dxc5 {[%emt 0:03:26]} Qa5+ {[%emt 0:01:37]} 8. c3 {[%emt 0:01:20]} Qxc5 {[%emt 0:02:51]} 9. Qd5 {[%emt 0:05:20]} Qxd5 {[%emt 0:07:24]} 10. Bxd5 {[%emt 0:02:57]} Nd7 {[%emt 0:01:30]} 11. e6 {[%emt 0:01:20]} fxe6 {[%emt 0:00:23]} 12. Bxe4 {[%emt 0:00:10]} Nc5 {[%emt 0:03:14]} 13. Bc2 {[%emt 0:03:20]} Bg7 {[%emt 0:03:51]} 14. Bg5 {[%emt 0:05:29]} Bd7 {[%emt 0:04:38]} 15. Ne2 {[%emt 0:04:23]} e5 {[%emt 0:05:55]} 16. Ng3 {[%emt 0:03:54]} Bc6 {[%emt 0:12:46]} 17. O-O {[%emt 0:02:08]} Ne6 {[%emt 0:06:06]} 18. Be3 {[%emt 0:03:53]} Nf4 {[%emt 0:02:40]} 19. f3 {[%emt 0:01:46]} O-O {[%emt 0:13:45]} 20. Rad1 {[%emt 0:05:48]} b6 {[%emt 0:08:53]} 21. Ne4 {[%emt 0:07:47]} Rad8 {[%emt 0:04:16]} 22. Ng5 {[%emt 0:02:51]} Bf6 {[%emt 0:06:25]} 23. Bxf4 {[%emt 0:05:02]} Rxd1 {[%emt 0:02:31]} 24. Rxd1 {[%emt 0:00:34]} exf4 {[%emt 0:00:25]} 25. Ne6 {[%emt 0:00:13]} Rc8 {[%emt 0:04:12]} 26. Nxf4 {[%emt 0:01:43]} e5 {[%emt 0:01:08]} 27. Nd3 {[%emt 0:02:43]} e4 {[%emt 0:00:56]} 28. fxe4 {[%emt 0:00:49]} Bxe4 {[%emt 0:00:01]} 29. Bb3+ {[%emt 0:00:48]} Kg7 {[%emt 0:00:21]} 30. Nf4 {[%emt 0:00:25]} Bf5 {[%emt 0:01:17]} 31. h3 {[%emt 0:03:54]} Rd8 {[%emt 0:02:41]} 32. Re1 {[%emt 0:01:26]} Rd2 {[%emt 0:00:35]} 33. Re2 {[%emt 0:01:14]} Rxe2 {[%emt 0:00:04]} 34. Nxe2 {[%emt 0:00:06]} Bg5 {[%emt 0:01:57]} 35. Bc4 {[%emt 0:03:18]} Be3+ {[%emt 0:00:57]} 36. Kf1 {[%emt 0:00:35]} Be4 {[%emt 0:00:20]} 37. a4 {[%emt 0:03:43]} Bc6 {[%emt 0:00:39]} 38. Bb5 {[%emt 0:00:42]} Bxb5 {[%emt 0:00:39]} 39. axb5 {[%emt 0:00:06]} Kf6 {[%emt 0:00:13]} 40. Ng3 {[%emt 0:03:25]} Ke5 {[%emt 0:01:03]} 41. Ke2 {[%emt 0:39:47]} Bf4 {[%emt 0:07:40]} 42. Nf1 {[%emt 0:00:00]} 1/2-1/2

[Event "FRA-ch Open A-D 2018"]
[Site "Nimes"]
[Date "2018.08.21"]
[Round "4"]
[White "Borrini, Rodrigue"]
[Black "Leccia, Thomas"]
[Result "1/2-1/2"]
[WhiteElo "1481"]
[BlackElo "1408"]
[Annotator "NA RC"]
[PlyCount "63"]
[EventDate "2018.08.18"]
[EventType "tourn"]
[EventCountry "FRA"]
[SourceTitle "playchess.com"]
[Source "ChessBase"]
[SourceQuality "1"]
[TimeControl "40/5400+30:1800+30"]

1. d4 {[%emt 0:00:00]} c5 {[%emt 0:00:00]} 2. c3 {[%emt 0:00:58]} e6 {[%emt 0:01:38]} 3. Bf4 {[%emt 0:00:26]} Nc6 {[%emt 0:00:31]} 4. e3 {[%emt 0:00:21]} d5 {[%emt 0:02:01]} 5. Nd2 {[%emt 0:00:51]} Nf6 {[%emt 0:02:30]} 6. Ngf3 {[%emt 0:00:19]} Be7 {[%emt 0:09:01]} 7. Bd3 {[%emt 0:00:53]} Bd7 {[%emt 0:09:53]} 8. Ne5 {[%emt 0:05:36]} Nxe5 {[%emt 0:02:45]} 9. dxe5 {[%emt 0:00:37]} Ng8 {[%emt 0:03:51]} 10. Bg3 {[%emt 0:03:00]} c4 {[%emt 0:06:51]} 11. Bc2 {[%emt 0:06:00]} h5 {[%emt 0:04:00]} 12. h3 {[%emt 0:04:11]} Bc5 {[%emt 0:03:52]} 13. Nf3 {[%emt 0:11:27]} Ne7 {[%emt 0:08:12]} 14. Nd4 {[%emt 0:05:13]} Nc6 {[%emt 0:04:10]} 15. Qd2 {[%emt 0:11:52]} a6 {[%emt 0:13:18]} 16. f4 {[%emt 0:08:39]} Qe7 {[%emt 0:07:04]} 17. Qf2 {[%emt 0:10:25]} h4 {[%emt 0:01:10]} 18. Bh2 {[%emt 0:01:42]} O-O-O {[%emt 0:03:02]} 19. b3 {[%emt 0:03:58]} f6 {[%emt 0:01:32]} 20. Qe2 {[%emt 0:02:39]} fxe5 {[%emt 0:01:30]} 21. fxe5 {[%emt 0:00:53]} cxb3 22. axb3 {[%emt 0:00:52]} Qg5 {[%emt 0:04:32]} 23. Bf4 {[%emt 0:05:04]} Nxd4 {[%emt 0:02:22]} 24. Bxg5 {[%emt 0:08:37]} Nxe2 25. Bxd8 {[%emt 0:00:20]} Ng3 {[%emt 0:00:15]} 26. Rg1 {[%emt 0:00:45]} Kxd8 {[%emt 0:00:21]} 27. Kd2 {[%emt 0:00:28]} Rf8 {[%emt 0:00:41]} 28. Rae1 {[%emt 0:00:25]} Rf2+ {[%emt 0:00:32]} 29. Kd1 {[%emt 0:00:56]} Be8 {[%emt 0:00:10]} 30. e4 {[%emt 0:01:08]} Bh5+ {[%emt 0:00:07]} 31. Kc1 {[%emt 0:00:48]} Ne2+ {[%emt 0:00:07]} 32. Kd1 1/2-1/2

[Event "FRA-ch Open A-D 2018"]
[Site "Nimes"]
[Date "2018.08.21"]
[Round "4"]
[White "Bernard, Thomas"]
[Black "Blondel, Jean-Michel"]
[Result "1/2-1/2"]
[WhiteElo "1466"]
[BlackElo "1402"]
[Annotator "NA RC"]
[PlyCount "42"]
[EventDate "2018.08.18"]
[EventType "tourn"]
[EventCountry "FRA"]
[SourceTitle "playchess.com"]
[Source "ChessBase"]
[SourceQuality "1"]
[TimeControl "40/5400+30:1800+30"]

1. e4 {[%emt 0:00:00]} d5 {[%emt 0:00:00]} 2. exd5 {[%emt 0:00:00]} Qxd5 {[%emt 0:00:00]} 3. Nc3 {[%emt 0:00:00]} Qd6 {[%emt 0:00:22]} 4. d4 {[%emt 0:02:38]} Nf6 {[%emt 0:00:35]} 5. Nf3 {[%emt 0:00:52]} a6 {[%emt 0:01:54]} 6. Bc4 {[%emt 0:03:04]} b5 {[%emt 0:00:55]} 7. Bb3 {[%emt 0:01:57]} c5 {[%emt 0:02:00]} 8. dxc5 {[%emt 0:04:05]} Qxd1+ {[%emt 0:00:17]} 9. Nxd1 {[%emt 0:00:16]} e6 {[%emt 0:00:22]} 10. Be3 {[%emt 0:10:42]} Bb7 {[%emt 0:00:42]} 11. Nc3 {[%emt 0:10:34]} Nbd7 {[%emt 0:00:43]} 12. a4 {[%emt 0:11:38]} b4 {[%emt 0:00:27]} 13. Na2 {[%emt 0:01:54]} a5 {[%emt 0:00:28]} 14. Bc4 {[%emt 0:02:00]} Bxc5 {[%emt 0:01:18]} 15. Bxc5 {[%emt 0:00:23]} Nxc5 {[%emt 0:00:12]} 16. Bb5+ {[%emt 0:00:23]} Ke7 {[%emt 0:02:05]} 17. O-O-O {[%emt 0:00:59]} Rad8 {[%emt 0:05:39]} 18. Ne5 {[%emt 0:01:15]} Rxd1+ {[%emt 0:07:44]} 19. Rxd1 {[%emt 0:00:11]} Bd5 {[%emt 0:28:33]} 20. Nc6+ {[%emt 0:12:35]} Bxc6 {[%emt 0:07:04]} 21. Bxc6 {[%emt 0:02:40]} Rd8 1/2-1/2

[Event "FRA-ch Open A-D 2018"]
[Site "Nimes"]
[Date "2018.08.21"]
[Round "4"]
[White "Jugeau, Frederic"]
[Black "Swaidan, Ali"]
[Result "1-0"]
[WhiteElo "1409"]
[BlackElo "1488"]
[Annotator "NA RC"]
[PlyCount "103"]
[EventDate "2018.08.18"]
[EventType "tourn"]
[EventCountry "FRA"]
[SourceTitle "playchess.com"]
[Source "ChessBase"]
[SourceQuality "1"]
[TimeControl "40/5400+30:1800+30"]

1. e4 {[%emt 0:00:00]} e6 {[%emt 0:00:00]} 2. d4 {[%emt 0:00:00]} d5 {[%emt 0:00:00]} 3. e5 {[%emt 0:00:50]} c5 {[%emt 0:00:00]} 4. c3 {[%emt 0:00:14]} Nc6 {[%emt 0:00:00]} 5. Nf3 {[%emt 0:00:17]} Qb6 {[%emt 0:00:44]} 6. a3 {[%emt 0:00:25]} a5 {[%emt 0:00:40]} 7. a4 {[%emt 0:12:43]} Bd7 {[%emt 0:01:27]} 8. Bb5 {[%emt 0:07:23]} cxd4 {[%emt 0:01:46]} 9. cxd4 {[%emt 0:00:50]} Bb4+ {[%emt 0:00:02]} 10. Nc3 {[%emt 0:09:56]} Nge7 {[%emt 0:21:10]} 11. O-O {[%emt 0:00:56]} Nf5 {[%emt 0:03:15]} 12. Ne2 {[%emt 0:04:47]} Rc8 {[%emt 0:05:02]} 13. g4 {[%emt 0:06:11]} Nfe7 {[%emt 0:00:11]} 14. Be3 {[%emt 0:06:51]} h5 {[%emt 0:06:07]} 15. Ng3 {[%emt 0:09:54]} hxg4 {[%emt 0:05:01]} 16. Ne1 {[%emt 0:03:41]} f5 {[%emt 0:08:12]} 17. Nd3 {[%emt 0:03:57]} Nxd4 {[%emt 0:06:14]} 18. Bxd7+ {[%emt 0:07:13]} Kxd7 {[%emt 0:00:02]} 19. Nxb4 {[%emt 0:01:10]} Nf3+ {[%emt 0:09:39]} 20. Qxf3 {[%emt 0:02:29]} gxf3 {[%emt 0:00:09]} 21. Bxb6 {[%emt 0:00:30]} axb4 {[%emt 0:00:22]} 22. Rfc1 {[%emt 0:02:36]} Nc6 {[%emt 0:01:55]} 23. a5 {[%emt 0:03:02]} Nxe5 {[%emt 0:01:37]} 24. Rxc8 {[%emt 0:01:40]} Rxc8 {[%emt 0:02:36]} 25. Bd4 {[%emt 0:02:12]} Nc4 {[%emt 0:01:44]} 26. a6 {[%emt 0:03:21]} Ra8 {[%emt 0:01:54]} 27. b3 {[%emt 0:01:14]} Nd2 {[%emt 0:00:29]} 28. axb7 {[%emt 0:00:26]} Rxa1+ {[%emt 0:00:06]} 29. Bxa1 {[%emt 0:00:06]} Kc7 {[%emt 0:00:44]} 30. Bxg7 {[%emt 0:00:42]} Nxb3 {[%emt 0:01:14]} 31. h4 {[%emt 0:01:22]} Na5 {[%emt 0:09:51]} 32. b8=Q+ {[%emt 0:01:04]} Kxb8 {[%emt 0:00:02]} 33. h5 {[%emt 0:02:04]} Nc6 {[%emt 0:01:46]} 34. Bf6 {[%emt 0:01:51]} e5 {[%emt 0:01:00]} 35. Nf1 {[%emt 0:02:24]} b3 {[%emt 0:00:27]} 36. Nd2 {[%emt 0:00:18]} b2 {[%emt 0:00:23]} 37. h6 {[%emt 0:00:27]} e4 {[%emt 0:02:44]} 38. h7 {[%emt 0:00:30]} Nb4 {[%emt 0:00:43]} 39. h8=Q+ {[%emt 0:00:28]} Kb7 {[%emt 0:00:02]} 40. Qg7+ {[%emt 0:01:11]} Kc6 {[%emt 0:00:06]} 41. Nb1 {[%emt 0:31:25]} f4 {[%emt 0:30:24]} 42. Bxb2 {[%emt 0:00:42]} Nd3 {[%emt 0:00:32]} 43. Qf6+ {[%emt 0:01:07]} Kb5 {[%emt 0:00:33]} 44. Nc3+ {[%emt 0:00:43]} Kc4 {[%emt 0:00:20]} 45. Qc6+ {[%emt 0:00:00]} Kb3 {[%emt 0:00:00]} 46. Nxe4 {[%emt 0:00:00]} dxe4 {[%emt 0:00:00]} 47. Qxe4 {[%emt 0:00:00]} Nxb2 {[%emt 0:00:00]} 48. Qxf3+ {[%emt 0:00:00]} Kc2 {[%emt 0:00:00]} 49. Qxf4 {[%emt 0:00:00]} Nd3 {[%emt 0:00:00]} 50. Qf5 {[%emt 0:00:00]} Kd2 {[%emt 0:00:00]} 51. f4 {[%emt 0:00:00]} Ke3 {[%emt 0:00:00]} 52. Qxd3+ 1-0

[Event "FRA-ch Open A-D 2018"]
[Site "Nimes"]
[Date "2018.08.21"]
[Round "4"]
[White "Faillat, Alois"]
[Black "Alcindor, Samuel"]
[Result "1/2-1/2"]
[WhiteElo "1408"]
[BlackElo "1462"]
[Annotator "NA RC"]
[PlyCount "91"]
[EventDate "2018.08.18"]
[EventType "tourn"]
[EventCountry "FRA"]
[SourceTitle "playchess.com"]
[Source "ChessBase"]
[SourceQuality "1"]
[TimeControl "40/5400+30:1800+30"]

1. e4 {[%emt 0:00:00]} c5 {[%emt 0:00:00]} 2. Nc3 {[%emt 0:00:20]} Nc6 {[%emt 0:00:00]} 3. f4 {[%emt 0:01:34]} e6 {[%emt 0:01:22]} 4. Nf3 {[%emt 0:01:43]} d5 {[%emt 0:00:17]} 5. exd5 {[%emt 0:03:15]} exd5 {[%emt 0:00:11]} 6. d3 {[%emt 0:02:54]} Nf6 {[%emt 0:02:59]} 7. Be2 {[%emt 0:03:42]} Bd6 {[%emt 0:00:57]} 8. d4 {[%emt 0:07:15]} cxd4 {[%emt 0:03:20]} 9. Nxd4 {[%emt 0:00:20]} a6 {[%emt 0:01:22]} 10. Be3 {[%emt 0:03:18]} O-O {[%emt 0:03:48]} 11. Qd2 {[%emt 0:06:42]} Bb4 {[%emt 0:09:55]} 12. a3 {[%emt 0:01:01]} Ne4 {[%emt 0:14:11]} 13. Nxc6 {[%emt 0:01:04]} bxc6 {[%emt 0:02:03]} 14. Qd4 {[%emt 0:01:19]} Bc5 {[%emt 0:15:16]} 15. Qd3 {[%emt 0:02:45]} Qh4+ {[%emt 0:02:31]} 16. Kd1 {[%emt 0:04:53]} Bxe3 {[%emt 0:01:03]} 17. Nxe4 {[%emt 0:00:20]} Bxf4 {[%emt 0:10:54]} 18. Nd2 {[%emt 0:03:04]} Bd6 {[%emt 0:03:13]} 19. Qf3 {[%emt 0:03:17]} Rb8 {[%emt 0:02:02]} 20. Nb3 {[%emt 0:01:21]} Re8 {[%emt 0:01:26]} 21. Rf1 {[%emt 0:02:01]} Rb7 {[%emt 0:00:34]} 22. h3 {[%emt 0:00:31]} Rbe7 {[%emt 0:00:31]} 23. Nc1 {[%emt 0:08:17]} Qd4+ {[%emt 0:02:01]} 24. Qd3 {[%emt 0:06:04]} Qxb2 {[%emt 0:03:08]} 25. Ra2 {[%emt 0:00:04]} Qb5 {[%emt 0:03:32]} 26. Qf3 {[%emt 0:02:39]} Qb6 {[%emt 0:01:17]} 27. c3 {[%emt 0:02:29]} Qe3 {[%emt 0:01:44]} 28. Qxe3 {[%emt 0:00:59]} Rxe3 {[%emt 0:00:10]} 29. Nd3 {[%emt 0:01:20]} a5 {[%emt 0:02:45]} 30. a4 {[%emt 0:00:00]} Ba6 {[%emt 0:00:13]} 31. Rd2 {[%emt 0:00:00]} Rg3 {[%emt 0:00:59]} 32. Bh5 {[%emt 0:00:27]} g6 {[%emt 0:01:10]} 33. Bf3 {[%emt 0:00:05]} Re3 {[%emt 0:00:25]} 34. Kc2 {[%emt 0:00:10]} Bxd3+ {[%emt 0:00:19]} 35. Rxd3 {[%emt 0:00:06]} Rxd3 {[%emt 0:00:07]} 36. Kxd3 {[%emt 0:00:05]} Rg5 {[%emt 0:01:50]} 37. Rb1 {[%emt 0:00:23]} c5 {[%emt 0:10:19]} 38. Rb6 {[%emt 0:00:48]} c4+ {[%emt 0:00:29]} 39. Kc2 {[%emt 0:00:37]} Bc7 {[%emt 0:00:31]} 40. Rb7 {[%emt 0:00:34]} Bf4 {[%emt 0:00:27]} 41. Ra7 {[%emt 0:30:41]} Re5 {[%emt 0:05:56]} 42. Rxa5 {[%emt 0:00:00]} Re3 {[%emt 0:00:38]} 43. Rxd5 {[%emt 0:00:00]} Be5 {[%emt 0:00:21]} 44. Kd2 {[%emt 0:00:00]} Bf4 {[%emt 0:00:52]} 45. Kc2 {[%emt 0:00:00]} Be5 {[%emt 0:00:54]} 46. Kd2 1/2-1/2

[Event "FRA-ch Open A-D 2018"]
[Site "Nimes"]
[Date "2018.08.22"]
[Round "5"]
[White "Girardon, Jerome"]
[Black "El Mchaouri Mas, Younes"]
[Result "0-1"]
[WhiteElo "2186"]
[BlackElo "2120"]
[Annotator "NA"]
[PlyCount "46"]
[EventDate "2018.08.18"]
[EventType "tourn"]
[EventCountry "FRA"]
[SourceTitle "playchess.com"]
[Source "ChessBase"]
[SourceQuality "1"]
[TimeControl "40/5400+30:1800+30"]

1. d4 {[%emt 0:15:02]} g6 {[%emt 0:00:00]} 2. c4 {[%emt 0:00:10]} Bg7 {[%emt 0:00:17]} 3. e4 {[%emt 0:00:15]} d6 {[%emt 0:00:58]} 4. Nc3 {[%emt 0:00:14]} Nf6 {[%emt 0:01:06]} 5. h3 {[%emt 0:00:05]} O-O {[%emt 0:02:19]} 6. Be3 {[%emt 0:00:14]} c5 {[%emt 0:02:11]} 7. dxc5 {[%emt 0:00:06]} Qa5 {[%emt 0:00:06]} 8. Bd3 $11 {[%emt 0:00:13]} ({Much worse is} 8. cxd6 Nxe4 9. Nge2 Nxd6 $17) 8... dxc5 {[%emt 0:09:09]} 9. e5 {[%emt 0:00:07]} Ne8 {[%emt 0:24:43]} 10. f4 {[%emt 0:00:10]} f6 {[%emt 0:04:06]} 11. exf6 {[%emt 0:00:29]} Nxf6 {[%emt 0:02:27]} 12. Nf3 {[%emt 0:02:22]} Nc6 {[%emt 0:12:50]} 13. O-O {[%emt 0:09:57]} Rd8 {[%emt 0:05:25]} 14. Nd5 {[%emt 0:06:22]} Nxd5 {[%emt 0:13:18]} 15. cxd5 {[%emt 0:00:46]} Nb4 {[%emt 0:00:41]} 16. Bd2 {[%emt 0:14:16]} c4 {[%emt 0:03:06]} 17. Be4 {[%emt 0:08:07]} Bxb2 {[%emt 0:04:42]} 18. Rb1 {[%emt 0:05:34]} Qc5+ {[%emt 0:01:14]} 19. Kh1 {[%emt 0:00:36]} c3 {[%emt 0:00:16]} 20. Rxb2 {[%emt 0:00:05]} cxb2 {[%emt 0:02:45]} 21. Qb3 {[%emt 0:01:25]} Nxd5 {[%emt 0:00:21]} 22. Bb4 {[%emt 0:03:40]} Qb5 {[%emt 0:03:12]} 23. Nd4 {[%emt 0:00:54]} Qxf1+ {[%emt 0:00:10] Nf3 Qb5} 0-1